[Event "Feffernitz op 25th"]
[Site "Feffernitz"]
[Date "2016.08.28"]
[Round "9"]
[White "Laustsen, Karl Johann"]
[Black "Gallob, Alois"]
[Result "0-1"]
[WhiteElo "1867"]
[BlackElo "1759"]
[PlyCount "90"]
[EventDate "2016.08.21"]
[EventType "swiss"]
[EventRounds "9"]
[EventCountry "AUT"]
[SourceTitle "CBM 174 Extra"]
[Source "ChessBase"]
[SourceDate "2016.10.10"]
[SourceVersion "1"]
[SourceVersionDate "2016.10.10"]
[SourceQuality "1"]

1. d4 d5 2. Bf4 c5 3. c3 cxd4 4. cxd4 Qa5+ 5. Nc3 Nf6 6. e3 Nc6 7. Nf3 Ne4 8. Qb3 e6 9. Be2 Bb4 10. Rc1 a6 11. 0-0 Nxc3 12. bxc3 Be7 13. Bd3 h6 14. e4 0-0 15. e5 b5 16. Bb1 Qa4 17. Qxa4 bxa4 18. c4 dxc4 19. Rxc4 Bd7 20. Rfc1 Rac8 21. Be3 Ba3 22. R1c2 Nb4 23. Rxc8 Rxc8 24. Rxc8+ Bxc8 25. Ne1 Bd7 26. Nc2 Nxc2 27. Bxc2 Bb5 28. f3 Kf8 29. Kf2 Ke7 30. Bd2 Kd7 31. Ke3 g6 32. Kf2 h5 33. Ke1 Bb2 34. Be3 Kc7 35. Kf2 Kc6 36. Be4+ Kd7 37. Bc2 Kc6 38. Be4+ Kd7 39. Ke1 Bc4 40. Bb1 Kc6 41. Kd2 Kb5 42. Kc2 Ba3 43. Bd2 Bf1 44. g3 Bg2 45. f4 Be4+ 0-1

[Event "Feffernitz op 25th"]
[Site "Feffernitz"]
[Date "2016.08.26"]
[Round "7"]
[White "Kobas, Mihael"]
[Black "Gallob, Alois"]
[Result "1-0"]
[WhiteElo "1944"]
[BlackElo "1759"]
[PlyCount "63"]
[EventDate "2016.08.21"]
[EventType "swiss"]
[EventRounds "9"]
[EventCountry "AUT"]
[SourceTitle "CBM 174 Extra"]
[Source "ChessBase"]
[SourceDate "2016.10.10"]
[SourceVersion "1"]
[SourceVersionDate "2016.10.10"]
[SourceQuality "1"]

1. d4 d5 2. c4 c6 3. Nf3 Nf6 4. e3 e6 5. b3 Bb4+ 6. Bd2 Qa5 7. a3 Bxd2+ 8. Nbxd2 Ne4 9. b4 Qc7 10. Nxe4 dxe4 11. Ng5 f5 12. Qh5+ g6 13. Qh6 Qe7 14. h4 Qf8 15. Qxf8+ Kxf8 16. h5 Kg7 17. hxg6 Kxg6 18. Nh3 Nd7 19. Nf4+ Kf7 20. c5 Nf6 21. Bc4 Bd7 22. Ke2 Rag8 23. Rh6 Rg7 24. Rah1 Rhg8 25. Nh5 Ng4 26. Nxg7 Nxh6 27. Nxe6 Bxe6 28. Bxe6+ Kxe6 29. Rxh6+ Kf7 30. Rxh7+ Rg7 31. Rxg7+ Kxg7 32. f3 1-0

[Event "Feffernitz op 24th"]
[Site "Feffernitz"]
[Date "2015.08.17"]
[Round "3"]
[White "Neubauer, Herbert"]
[Black "Gallob, Alois"]
[Result "1-0"]
[WhiteElo "2055"]
[BlackElo "1818"]
[PlyCount "131"]
[EventDate "2015.08.16"]
[EventType "swiss"]
[EventRounds "9"]
[EventCountry "AUT"]
[SourceTitle "EXT 2016"]
[Source "ChessBase"]
[SourceDate "2015.10.08"]
[SourceVersion "1"]
[SourceVersionDate "2015.10.08"]
[SourceQuality "1"]

1. d4 Nf6 2. Nc3 e6 3. e4 c5 4. d5 d6 5. Bb5+ Bd7 6. Bxd7+ Nbxd7 7. Bf4 e5 8. Be3 a6 9. a4 Qa5 10. f3 Be7 11. Nge2 0-0 12. 0-0 Rfe8 13. Ng3 g6 14. Qd2 Bf8 15. Bg5 Qb4 16. Kh1 Qd4 17. Qe2 Qb4 18. Bd2 Qb6 19. b3 h6 20. Be3 Kh7 21. Qd2 Bg7 22. Rf2 Qd8 23. Raf1 Rf8 24. f4 Ng4 25. Rf3 Nxe3 26. Qxe3 exf4 27. Rxf4 Ne5 28. Qe2 Qg5 29. Nd1 h5 30. Qe1 Rae8 31. Ne2 Re7 32. Nf2 Ng4 33. Nh3 Qe5 34. Qh4 Kg8 35. Ng5 Bf6 36. Rxg4 Kg7 37. Rxf6 Qa1+ 38. Ng1 Qxf6 39. Rf4 Qe5 40. N1f3 Qa1+ 41. Qe1 Qxe1+ 42. Nxe1 Re5 43. h4 b5 44. Nd3 Re7 45. axb5 axb5 46. Rf3 Ra7 47. Nf4 Re8 48. Kh2 Re5 49. Nd3 Ree7 50. b4 c4 51. Nf4 Re5 52. Ne2 f5 53. Nc3 Rb7 54. Ne6+ Kh6 55. exf5 gxf5 56. Nd4 Kg6 57. Ndxb5 Rxb5 58. Nxb5 Rxd5 59. Na3 Rd4 60. c3 Re4 61. g3 Re2+ 62. Kg1 d5 63. Nb5 Kf6 64. Nd4 Re4 65. Kf2 Kg6 66. b5 1-0

[Event "Feffernitz op 24th"]
[Site "Feffernitz"]
[Date "2015.08.16"]
[Round "1"]
[White "Manhardt, Thomas"]
[Black "Gallob, Alois"]
[Result "1-0"]
[WhiteElo "2240"]
[BlackElo "1818"]
[PlyCount "39"]
[EventDate "2015.08.16"]
[EventType "swiss"]
[EventRounds "9"]
[EventCountry "AUT"]
[SourceTitle "EXT 2016"]
[Source "ChessBase"]
[SourceDate "2015.10.08"]
[SourceVersion "1"]
[SourceVersionDate "2015.10.08"]
[SourceQuality "1"]

1. e4 d6 2. d4 Nf6 3. Nc3 g6 4. Bc4 Bg7 5. Qe2 0-0 6. e5 Ne8 7. f4 c6 8. Nf3 d5 9. Bd3 e6 10. Be3 b5 11. g4 a5 12. h4 a4 13. h5 b4 14. Nd1 Ba6 15. Qh2 Bxd3 16. cxd3 h6 17. g5 Qe7 18. gxh6 Bh8 19. hxg6 fxg6 20. h7+ 1-0

[Event "Feffernitz Raika op 22nd"]
[Site "Feffernitz"]
[Date "2013.08.18"]
[Round "1"]
[White "Gallob, Alois"]
[Black "Stopa, Jacek"]
[Result "0-1"]
[WhiteElo "1850"]
[BlackElo "2491"]
[PlyCount "54"]
[EventDate "2013.08.18"]
[EventType "swiss"]
[EventRounds "9"]
[EventCountry "AUT"]
[SourceTitle "CBM 156 Extra"]
[Source "ChessBase"]
[SourceDate "2013.10.22"]
[SourceVersion "1"]
[SourceVersionDate "2013.10.22"]
[SourceQuality "1"]

1. Nf3 b5 2. e4 Bb7 3. d3 e6 4. g3 c5 5. Bg2 Nc6 6. c3 Nf6 7. 0-0 Be7 8. Qe2 d5 9. e5 Nd7 10. d4 b4 11. a3 bxc3 12. bxc3 Qa5 13. Bd2 Ba6 14. c4 Qa4 15. Nc3 Qxc4 16. Qxc4 Bxc4 17. Rfb1 cxd4 18. Nb5 0-0 19. Nbxd4 Nxd4 20. Nxd4 Nxe5 21. Nc2 Bd3 22. Rb7 Bf6 23. Ra2 Rab8 24. Rxa7 Rb1+ 25. Ne1 Bc4 26. Rc2 Nd3 27. Bb4 Nxe1 0-1

[Event "Feffernitz Raika op 20th"]
[Site "Feffernitz"]
[Date "2011.08.22"]
[Round "3"]
[White "Mitter, Gerd"]
[Black "Gallob, Alois"]
[Result "1-0"]
[WhiteElo "2227"]
[BlackElo "1838"]
[PlyCount "49"]
[EventDate "2011.08.21"]
[EventType "swiss"]
[EventRounds "9"]
[EventCountry "AUT"]
[SourceTitle "CBM 144 Extra"]
[Source "ChessBase"]
[SourceDate "2011.10.28"]
[SourceVersion "1"]
[SourceVersionDate "2011.10.28"]
[SourceQuality "1"]

1. g3 c6 2. Bg2 d5 3. Nf3 Bf5 4. c4 e6 5. 0-0 Nd7 6. cxd5 exd5 7. Nc3 Ngf6 8. d3 Bc5 9. Bg5 h6 10. e4 dxe4 11. dxe4 Be6 12. Bf4 0-0 13. Bd6 Bxd6 14. Qxd6 Ne8 15. Qf4 Rc8 16. Rfd1 Qe7 17. Nd4 Rd8 18. Rd2 Nb6 19. Rad1 Bd7 20. Nf5 Qf6 21. e5 Qg5 22. Qxg5 hxg5 23. Ne7+ Kh8 24. e6 fxe6 25. Ng6+ 1-0

[Event "Latschach op 27th"]
[Site "Latschach"]
[Date "2011.08.13"]
[Round "1"]
[White "Gallob, Alois"]
[Black "Fiala, Vaclav"]
[Result "0-1"]
[WhiteElo "1838"]
[BlackElo "2158"]
[PlyCount "52"]
[EventDate "2011.08.13"]
[EventType "swiss"]
[EventRounds "9"]
[EventCountry "AUT"]
[SourceTitle "CBM 143 Extra"]
[Source "ChessBase"]
[SourceDate "2011.08.29"]
[SourceVersion "1"]
[SourceVersionDate "2011.08.29"]
[SourceQuality "1"]

1. Nf3 d6 2. e4 g6 3. g3 Bg7 4. Bg2 e5 5. d3 Nc6 6. c3 Nf6 7. Nbd2 0-0 8. 0-0 Nh5 9. Nc4 Be6 10. Ne3 Qc8 11. Re1 Bh3 12. Bh1 h6 13. Nh4 Kh7 14. Bf3 Nf6 15. g4 Qd8 16. Neg2 Ng8 17. Nf5 gxf5 18. gxf5 Bxg2 19. Kxg2 Bf6 20. Be3 Bg5 21. Qe2 Bxe3 22. fxe3 Qh4 23. Rg1 Nf6 24. Kh1 Rg8 25. Rxg8 Rxg8 26. Rg1 Ne7 0-1

[Event "Feffernitz Raika op 19th"]
[Site "Feffernitz"]
[Date "2010.08.27"]
[Round "7"]
[White "Gallob, Alois"]
[Black "Boehm, Dominik"]
[Result "1/2-1/2"]
[WhiteElo "1882"]
[BlackElo "1699"]
[PlyCount "24"]
[EventDate "2010.08.22"]
[EventType "swiss"]
[EventRounds "9"]
[EventCountry "AUT"]
[SourceTitle "CBM 138 Extra"]
[Source "ChessBase"]
[SourceDate "2010.10.29"]
[SourceVersion "1"]
[SourceVersionDate "2010.10.29"]
[SourceQuality "1"]

1. Nf3 c5 2. c4 Nc6 3. Nc3 g6 4. g3 Bg7 5. Bg2 d6 6. d3 e6 7. 0-0 Nge7 8. Rb1 a6 9. Bd2 0-0 10. a3 b6 11. b4 Qc7 12. bxc5 bxc5 1/2-1/2

[Event "Feffernitz Raika op 18th"]
[Site "Feffernitz"]
[Date "2009.08.18"]
[Round "4"]
[White "Novak, Pavel"]
[Black "Gallob, Alois"]
[Result "1-0"]
[WhiteElo "1973"]
[BlackElo "1871"]
[PlyCount "71"]
[EventDate "2009.08.16"]
[EventType "swiss"]
[EventRounds "9"]
[EventCountry "AUT"]
[SourceTitle "CBM 131 Extra"]
[Source "ChessBase"]
[SourceDate "2009.09.03"]
[SourceVersion "2"]
[SourceVersionDate "2009.09.16"]
[SourceQuality "1"]

1. e4 d6 2. d4 Nf6 3. Nc3 g6 4. Be3 Bg7 5. Qd2 0-0 6. 0-0-0 c6 7. Bh6 b5 8. Bxg7 Kxg7 9. Bd3 Qa5 10. Kb1 Be6 11. b3 Nbd7 12. f4 Nb6 13. f5 Bc4 14. Nf3 Rab8 15. h4 Na4 16. Nxa4 Qxd2 17. Rxd2 Bxd3 18. Rxd3 bxa4 19. Re1 axb3 20. axb3 gxf5 21. exf5 Rb7 22. Nd2 h5 23. Nc4 Ng4 24. Kb2 Kf6 25. Rf3 Rb5 26. Nd2 d5 27. Nf1 Kg7 28. Rxe7 a5 29. Ng3 Kh6 30. Rc7 Rb6 31. Rc3 f6 32. Ne2 a4 33. Nf4 axb3 34. cxb3 Ra6 35. Rg3 Rg8 36. Nxh5 1-0

[Event "Feffernitz Raika op 18th"]
[Site "Feffernitz"]
[Date "2009.08.16"]
[Round "2"]
[White "Mascher, Klemens"]
[Black "Gallob, Alois"]
[Result "1/2-1/2"]
[WhiteElo "2058"]
[BlackElo "1871"]
[PlyCount "53"]
[EventDate "2009.08.16"]
[EventType "swiss"]
[EventRounds "9"]
[EventCountry "AUT"]
[SourceTitle "CBM 131 Extra"]
[Source "ChessBase"]
[SourceDate "2009.09.03"]
[SourceVersion "2"]
[SourceVersionDate "2009.09.16"]
[SourceQuality "1"]

1. e4 d6 2. d4 Nf6 3. Nc3 g6 4. Nf3 c6 5. Be2 Qc7 6. 0-0 Bg7 7. Re1 0-0 8. a4 e5 9. h3 Re8 10. Bf1 Nbd7 11. dxe5 dxe5 12. Be3 b6 13. Bc4 Nf8 14. Ng5 Re7 15. Qe2 Ne6 16. Nxe6 Bxe6 17. Bxe6 fxe6 18. Bg5 Rf7 19. Bxf6 Rxf6 20. Qc4 Rc8 21. Rad1 Bf8 22. b4 a5 23. bxa5 bxa5 24. Re2 Qa7 25. Nb5 Qb6 26. Nd6 Rd8 27. Red2 1/2-1/2

[Event "Latschach op 25th"]
[Site "Latschach"]
[Date "2009.08.10"]
[Round "4"]
[White "Gallob, Alois"]
[Black "Revelant, Stefan"]
[Result "0-1"]
[WhiteElo "1871"]
[BlackElo "2108"]
[PlyCount "93"]
[EventDate "2009.08.08"]
[EventType "swiss"]
[EventRounds "9"]
[EventCountry "AUT"]
[SourceTitle "CBM 131 Extra"]
[Source "ChessBase"]
[SourceDate "2009.09.03"]
[SourceVersion "2"]
[SourceVersionDate "2009.09.16"]
[SourceQuality "1"]

1. Nf3 c5 2. g3 g6 3. Bg2 Bg7 4. 0-0 Nc6 5. c3 e5 6. e4 Nf6 7. d3 0-0 8. Nbd2 b6 9. Nc4 d6 10. Ne3 Bd7 11. h3 Rb8 12. Nh4 Nh5 13. Nef5 Bf6 14. Nh6+ Kh8 15. N4f5 Bxf5 16. exf5 Ne7 17. fxg6 fxg6 18. c4 Bg7 19. Be4 Qd7 20. Ng4 Nf6 21. Nxf6 Rxf6 22. Kg2 Nf5 23. Bg5 Rff8 24. h4 h6 25. Bd2 Rf6 26. Rh1 Rbf8 27. f3 Nd4 28. Rf1 Nf5 29. Qc1 R8f7 30. Bd5 Rf8 31. Be4 Kg8 32. Bd5+ Kh7 33. Bg5 hxg5 34. hxg5 R6f7 35. Rh1+ Kg8 36. g4 Ne7 37. Be4 d5 38. cxd5 Nxd5 39. Kg3 Nf4 40. Qf1 Rd8 41. Rd1 Qe7 42. Rd2 Qxg5 43. Qd1 Ne6 44. Rdh2 c4 45. Qf1 Nc5 46. Rh7 Nxe4+ 47. dxe4 0-1

[Event "EU-chT Seniors 11th"]
[Site "Velden"]
[Date "2009.04.13"]
[Round "9"]
[White "Gallob, Alois"]
[Black "Blaeser, Romain"]
[Result "0-1"]
[WhiteElo "1883"]
[BlackElo "2235"]
[PlyCount "62"]
[EventDate "2009.04.05"]
[EventType "team-swiss"]
[EventRounds "9"]
[EventCountry "AUT"]
[SourceTitle "CBM 129 Extra"]
[Source "ChessBase"]
[SourceDate "2009.05.05"]
[SourceVersion "2"]
[SourceVersionDate "2009.05.20"]
[SourceQuality "1"]

1. Nf3 g6 2. g3 Bg7 3. d4 c5 4. e3 Nf6 5. c4 Qc7 6. Bd2 0-0 7. Qc2 d6 8. Nc3 cxd4 9. Nb5 Qb6 10. a4 dxe3 11. Bxe3 Qd8 12. Rd1 Bf5 13. Bd3 Bxd3 14. Rxd3 Nc6 15. Rd1 a6 16. Nc3 Ng4 17. Bd4 e5 18. Bc5 Nd4 19. Nxd4 exd4 20. Bxd4 Re8+ 21. Kf1 Qc8 22. Nd5 Ne5 23. b3 Qh3+ 24. Ke2 Nxc4+ 25. Be3 Qh5+ 26. f3 Nxe3 27. Nxe3 Rac8 28. Qb1 Rc3 29. Rd3 Rxd3 30. Kxd3 Qxf3 31. Re1 Bh6 0-1

[Event "Latschach op 24th"]
[Site "Latschach"]
[Date "2008.08.09"]
[Round "1"]
[White "Riemelmoser, Franz"]
[Black "Gallob, Alois"]
[Result "1-0"]
[WhiteElo "2298"]
[BlackElo "1902"]
[PlyCount "65"]
[EventDate "2008.08.09"]
[EventType "swiss"]
[EventRounds "9"]
[EventCountry "AUT"]
[SourceTitle "CBM 125 Extra"]
[Source "ChessBase"]
[SourceDate "2008.09.01"]
[SourceVersion "1"]
[SourceVersionDate "2008.09.01"]
[SourceQuality "1"]

1. e4 d6 2. d4 Nf6 3. Nc3 g6 4. Be3 c6 5. Qd2 b5 6. f3 Nbd7 7. g4 Nb6 8. h4 h5 9. g5 Nfd7 10. f4 Bg7 11. Nf3 Bb7 12. f5 0-0 13. Bf4 b4 14. Nd1 c5 15. d5 a5 16. c4 Ba6 17. Ne3 a4 18. 0-0-0 Qe8 19. Bd3 a3 20. b3 Bc3 21. Qh2 e5 22. dxe6 fxe6 23. Bxd6 exf5 24. Bxf8 fxe4 25. Qd6 exd3 26. Be7 Qf7 27. Rhf1 Re8 28. Nd4 Qxe7 29. Qxg6+ Kh8 30. Qxh5+ Kg8 31. Qg6+ Kh8 32. Ndf5 d2+ 33. Rxd2 1-0

[Event "Bled op Seniors 25th"]
[Site "Bled"]
[Date "2008.02.24"]
[Round "3"]
[White "Gallob, Alois"]
[Black "Illijin, Neboisa"]
[Result "0-1"]
[WhiteElo "1910"]
[BlackElo "2275"]
[PlyCount "80"]
[EventDate "2008.02.23"]
[EventType "swiss"]
[EventRounds "9"]
[EventCountry "SLO"]
[SourceTitle "CBM 122 Extra"]
[Source "ChessBase"]
[SourceDate "2008.03.04"]
[SourceVersion "1"]
[SourceVersionDate "2008.03.04"]
[SourceQuality "1"]

1. Nf3 Nf6 2. c4 e6 3. Nc3 c5 4. e4 d6 5. d4 cxd4 6. Nxd4 Nc6 7. Be3 Be7 8. Be2 0-0 9. 0-0 Bd7 10. f4 Qb8 11. Bf3 Rc8 12. b3 a6 13. Rc1 Nxd4 14. Bxd4 e5 15. Be3 b5 16. Nd5 Nxd5 17. cxd5 b4 18. Qd2 Rxc1 19. Rxc1 exf4 20. Bxf4 Bf6 21. Qf2 a5 22. Be3 a4 23. Bd1 Qe8 24. Bf3 axb3 25. axb3 Qe5 26. g3 g5 27. Bg2 Ra1 28. Qc2 Kg7 29. Rxa1 Qxa1+ 30. Qc1 Qe5 31. Qd2 h6 32. Kf2 Qa1 33. Bf1 Bc3 34. Qc1 Qa2+ 35. Kg1 Qxb3 36. Bxg5 Bd4+ 37. Kh1 hxg5 38. Qxg5+ Kf8 39. Qd8+ Be8 40. Bb5 Qf3# 0-1

[Event "Bled op Seniors 25th"]
[Site "Bled"]
[Date "2008.02.23"]
[Round "2"]
[White "Medved, Alfonz"]
[Black "Gallob, Alois"]
[Result "1/2-1/2"]
[WhiteElo "2023"]
[BlackElo "1910"]
[PlyCount "54"]
[EventDate "2008.02.23"]
[EventType "swiss"]
[EventRounds "9"]
[EventCountry "SLO"]
[SourceTitle "CBM 122 Extra"]
[Source "ChessBase"]
[SourceDate "2008.03.04"]
[SourceVersion "1"]
[SourceVersionDate "2008.03.04"]
[SourceQuality "1"]

1. d4 Nf6 2. c4 c5 3. d5 b5 4. cxb5 a6 5. e3 Bb7 6. Nc3 g6 7. Nf3 d6 8. Bc4 Nbd7 9. bxa6 Bxa6 10. Bxa6 Rxa6 11. 0-0 Bg7 12. a4 0-0 13. Ra3 Qa8 14. e4 h6 15. Re1 Ng4 16. Nb5 Rc8 17. b3 Nb6 18. h3 Ne5 19. Nxe5 Bxe5 20. Bxh6 c4 21. Be3 cxb3 22. Bxb6 Rxb6 23. Rxb3 Qxa4 24. Qd3 Rc4 25. Reb1 Rxe4 26. g3 Qc4 27. Kg2 Qxd3 1/2-1/2

[Event "Feffernitz Raika op 16th"]
[Site "Feffernitz"]
[Date "2007.08.25"]
[Round "8"]
[White "Gallob, Alois"]
[Black "Mayer, Martin"]
[Result "0-1"]
[WhiteElo "1910"]
[BlackElo "2105"]
[PlyCount "64"]
[EventDate "2007.08.19"]
[EventType "swiss"]
[EventRounds "9"]
[EventCountry "AUT"]
[SourceTitle "EXT 2008"]
[Source "ChessBase"]
[SourceDate "2007.11.25"]
[SourceVersion "1"]
[SourceVersionDate "2007.11.25"]
[SourceQuality "1"]

1. Nf3 Nf6 2. g3 d5 3. Bg2 c5 4. h3 Nc6 5. 0-0 e5 6. d3 Bd6 7. Nbd2 0-0 8. e4 a5 9. a4 Ra6 10. Re1 dxe4 11. dxe4 Nd4 12. Bf1 Ra8 13. c3 Nxf3+ 14. Qxf3 Be6 15. Nc4 Qc7 16. Rd1 Rad8 17. Be3 Be7 18. g4 Rxd1 19. Rxd1 Rd8 20. Rxd8+ Bxd8 21. g5 Ne8 22. Qg3 Nd6 23. Nxd6 Qxd6 24. Be2 b6 25. f4 exf4 26. Bxf4 Qc6 27. Qd3 Be7 28. Bd1 c4 29. Qf3 Qd7 30. h4 Bc5+ 31. Be3 Bxe3+ 32. Qxe3 Qxd1+ 0-1

[Event "Feffernitz Raika op 16th"]
[Site "Feffernitz"]
[Date "2007.08.20"]
[Round "3"]
[White "Zauner, Heinz"]
[Black "Gallob, Alois"]
[Result "1/2-1/2"]
[WhiteElo "1624"]
[BlackElo "1910"]
[PlyCount "34"]
[EventDate "2007.08.19"]
[EventType "swiss"]
[EventRounds "9"]
[EventCountry "AUT"]
[SourceTitle "EXT 2008"]
[Source "ChessBase"]
[SourceDate "2007.11.25"]
[SourceVersion "1"]
[SourceVersionDate "2007.11.25"]
[SourceQuality "1"]

1. Nf3 Nf6 2. g3 g6 3. Bg2 Bg7 4. 0-0 0-0 5. c4 c5 6. Nc3 Nc6 7. e3 d6 8. h3 Bf5 9. g4 Bd3 10. Re1 Nb4 11. Bf1 Bxf1 12. Rxf1 Nd3 13. Qe2 Nxc1 14. Raxc1 h6 15. d4 b6 16. d5 Qc8 17. b3 Nxg4 1/2-1/2

[Event "Faakersee op 18th"]
[Site "Latschach"]
[Date "2002.08.12"]
[Round "4"]
[White "Gallob, Alois"]
[Black "Holzbauer, Johannes"]
[Result "0-1"]
[WhiteElo "2010"]
[BlackElo "2174"]
[PlyCount "62"]
[EventDate "2002.08.??"]
[EventType "swiss"]
[EventRounds "9"]
[EventCountry "AUT"]
[SourceTitle "EXT 2006"]
[Source "ChessBase"]
[SourceDate "2005.11.24"]
[SourceVersion "1"]
[SourceVersionDate "2005.11.24"]
[SourceQuality "1"]

1. Nf3 d5 2. d4 Nf6 3. c4 e6 4. e3 Be7 5. Nc3 0-0 6. Bd2 b6 7. cxd5 exd5 8. Be2 c5 9. 0-0 Bb7 10. Rc1 Nc6 11. Bd3 c4 12. Bb1 a6 13. e4 dxe4 14. Nxe4 Nxd4 15. Nxf6+ Bxf6 16. Nxd4 Qxd4 17. Qc2 g6 18. Be3 Qd5 19. f3 b5 20. Qf2 Qe5 21. Rc2 Rfe8 22. Re2 Re6 23. Rfe1 Rae8 24. f4 Qd5 25. f5 Rxe3 26. Rxe3 Rxe3 27. Rxe3 Bd4 28. Re8+ Kg7 29. f6+ Kh6 30. Re3 Qxg2+ 31. Qxg2 Bxe3+ 0-1

[Event "Faakersee op 18th"]
[Site "Latschach"]
[Date "2002.08.11"]
[Round "2"]
[White "Gallob, Alois"]
[Black "Perhinig, Robert"]
[Result "0-1"]
[WhiteElo "2010"]
[BlackElo "2236"]
[PlyCount "68"]
[EventDate "2002.08.??"]
[EventType "swiss"]
[EventRounds "9"]
[EventCountry "AUT"]
[SourceTitle "EXT 2006"]
[Source "ChessBase"]
[SourceDate "2005.11.24"]
[SourceVersion "1"]
[SourceVersionDate "2005.11.24"]
[SourceQuality "1"]

1. c4 e5 2. Nc3 g6 3. d4 Bg7 4. Nf3 exd4 5. Nxd4 d6 6. e4 Nf6 7. Be2 0-0 8. 0-0 Re8 9. Qd3 Nbd7 10. h3 Nc5 11. Qd1 Ncxe4 12. Bf3 Nxc3 13. bxc3 Ne4 14. Qc2 Nc5 15. Be3 Bd7 16. Qd2 Ne4 17. Qc1 c5 18. Bxe4 Rxe4 19. Nb5 Bxb5 20. cxb5 Rc4 21. Bd2 Qa5 22. Qb2 Bxc3 23. Bxc3 Qxc3 24. Qe2 d5 25. Rab1 Re4 26. Qd1 Qe5 27. a4 c4 28. Rc1 Rc8 29. Qd2 d4 30. Qa5 d3 31. Rfd1 Qd4 32. Qd2 Rce8 33. Qb4 Re2 34. Rf1 R8e4 0-1

[Event "Finkenstein op 16th"]
[Site "Finkenstein"]
[Date "2000.08.15"]
[Round "5"]
[White "Grom, Waldemar"]
[Black "Gallob, Alois"]
[Result "1-0"]
[WhiteElo "2001"]
[BlackElo "2045"]
[PlyCount "131"]
[EventDate "2000.08.12"]
[EventType "swiss"]
[EventRounds "9"]
[EventCountry "AUT"]
[SourceTitle "EXT 2001"]
[Source "ChessBase"]
[SourceDate "2000.11.22"]
[SourceVersion "1"]
[SourceVersionDate "2000.11.22"]
[SourceQuality "1"]

1. c4 Nf6 2. Nc3 g6 3. d4 c5 4. Nf3 cxd4 5. Nxd4 Nc6 6. e3 d6 7. Be2 Bg7 8. a3 0-0 9. Nxc6 bxc6 10. Bf3 Qc7 11. Bd2 Rb8 12. b4 Ba6 13. Be2 Bb7 14. Rc1 c5 15. Nb5 Qb6 16. 0-0 a6 17. Nc3 cxb4 18. axb4 e6 19. b5 d5 20. Na4 Qd8 21. c5 axb5 22. Bxb5 Ne4 23. Bb4 Bc6 24. Bxc6 Rxb4 25. f3 Qc7 26. Bxd5 exd5 27. fxe4 dxe4 28. Nb6 Rxb6 29. cxb6 Qxb6 30. Qe2 Bh6 31. Rfe1 f5 32. Kh1 Rd8 33. Qa2+ Kh8 34. Rb1 Qc7 35. Qa6 Bg7 36. Rec1 Qd7 37. g3 Qe8 38. Rc6 g5 39. Rf1 Qd7 40. Re6 Rf8 41. Rd6 Qf7 42. Qc6 Be5 43. Rd5 Qg7 44. Qe6 Bc7 45. Rdxf5 Rxf5 46. Qxf5 Qe7 47. Qf8+ Qxf8 48. Rxf8+ Kg7 49. Re8 Kf7 50. Rxe4 Kf6 51. Kg2 h5 52. Rc4 Bd6 53. h3 Kf5 54. g4+ hxg4 55. hxg4+ Ke5 56. Kf3 Kd5 57. Rc8 Ke5 58. Re8+ Kf6 59. Ke4 Kf7 60. Rd8 Bg3 61. Kf5 Bh4 62. e4 Ke7 63. Rd5 Kf7 64. e5 Ke7 65. e6 Ke8 66. Rd7 1-0

[Event "Feffernitz Raika op 07th"]
[Site "Feffernitz"]
[Date "1998.08.22"]
[Round "?"]
[White "Kiss, Judit"]
[Black "Gallob, Alois"]
[Result "1-0"]
[WhiteElo "2120"]
[BlackElo "1827"]
[PlyCount "73"]
[EventDate "1998.08.??"]
[EventType "swiss"]
[EventRounds "9"]
[EventCountry "AUT"]
[SourceTitle "EXT 2004"]
[Source "ChessBase"]
[SourceDate "2003.11.25"]
[SourceVersion "1"]
[SourceVersionDate "2003.11.25"]
[SourceQuality "1"]

1. e4 c5 2. Nf3 a6 3. d4 cxd4 4. Nxd4 Nf6 5. Nc3 d6 6. Be3 Qc7 7. Qd2 e6 8. f3 Be7 9. g4 b5 10. h4 h6 11. 0-0-0 Nc6 12. Be2 Rb8 13. g5 Nd7 14. g6 Nde5 15. gxf7+ Nxf7 16. f4 b4 17. Nb1 Na5 18. Rdg1 Bf6 19. Qd3 Ke7 20. Nd2 Bd7 21. N2b3 Rhc8 22. Bg4 Qc4 23. Rd1 Qxd3 24. Rxd3 Nc4 25. Bf2 a5 26. Rhd1 Rc7 27. Nd2 Rbc8 28. Bh5 Nd8 29. e5 Nxe5 30. fxe5 dxe5 31. N4b3 Rxc2+ 32. Kb1 e4 33. Rxd7+ Kxd7 34. Nxe4+ Ke7 35. Bc5+ R8xc5 36. Nbxc5 Rxb2+ 37. Kc1 1-0

[Event "Feffernitz Raika op 07th"]
[Site "Feffernitz"]
[Date "1998.08.19"]
[Round "?"]
[White "Achleitner, Robert"]
[Black "Gallob, Alois"]
[Result "1-0"]
[WhiteElo "2115"]
[BlackElo "1827"]
[PlyCount "51"]
[EventDate "1998.08.??"]
[EventType "swiss"]
[EventRounds "9"]
[EventCountry "AUT"]
[SourceTitle "EXT 2004"]
[Source "ChessBase"]
[SourceDate "2003.11.25"]
[SourceVersion "1"]
[SourceVersionDate "2003.11.25"]
[SourceQuality "1"]

1. d4 Nf6 2. e3 e6 3. Bd3 c5 4. c3 Nc6 5. f4 cxd4 6. exd4 b6 7. Nf3 Bb7 8. Qe2 Rb8 9. 0-0 Be7 10. Nbd2 d6 11. Ne4 h6 12. Bd2 Qc7 13. Nxf6+ Bxf6 14. d5 Nd8 15. Bb5+ Kf8 16. dxe6 Nxe6 17. Rae1 Bc6 18. Kh1 Qd7 19. Bc4 Re8 20. Qd3 Re7 21. b4 d5 22. Ba6 b5 23. Qf5 g6 24. Qxf6 Rh7 25. Ne5 Qe8 26. Nxg6+ 1-0